[Event "VIE-ch (Women)"]
[Site "Hanoi"]
[Date "2024.03.16"]
[Round "9"]
[White "Pham, Tran Gia Thu"]
[Black "Luong, Hoang Tu Linh"]
[Result "0-1"]
[WhiteElo "1853"]
[BlackElo "2001"]
[PlyCount "84"]
[EventDate "2024.03.11"]
[EventType "swiss"]
[EventRounds "9"]
[EventCountry "VIE"]
[SourceTitle "CB13_2024"]
[SourceDate "2024.03.27"]
[SourceVersion "1"]
[SourceVersionDate "2024.03.27"]
[SourceQuality "1"]

1. d4 Nf6 2. c4 e6 3. Nc3 Bb4 4. a3 Bxc3+ 5. bxc3 b6 6. f3 d5 7. cxd5 exd5 8. e3 0-0 9. Bd3 c5 10. Ne2 c4 11. Bc2 Re8 12. 0-0 Bb7 13. Ng3 Qc7 14. Re1 h5 15. e4 h4 16. e5 hxg3 17. exf6 gxh2+ 18. Kh1 Nd7 19. Bg5 Nxf6 20. Bxf6 gxf6 21. f4 Rxe1+ 22. Qxe1 Qxf4 23. Qe2 Kg7 24. Rf1 Re8 25. Qd1 Qg3 26. Qh5 Re1 27. Qh7+ Kf8 28. Qh8+ Ke7 29. Qxf6+ Kd7 30. Bf5+ Kc7 31. Qxf7+ Kb8 32. Qf8+ Kc7 33. Rxe1 Qxe1+ 34. Kxh2 a6 35. Bh3 Qxc3 36. Qf4+ Kc6 37. a4 Qb4 38. Qf7 Qd6+ 39. g3 b5 40. a5 b4 41. Bf5 b3 42. Qe8+ Kc7 0-1

[Event "VIE-ch (Women)"]
[Site "Hanoi"]
[Date "2024.03.15"]
[Round "8"]
[White "Luong, Hoang Tu Linh"]
[Black "Vu, Nguyen Bao Linh"]
[Result "1-0"]
[WhiteElo "2001"]
[BlackElo "1658"]
[PlyCount "89"]
[EventDate "2024.03.11"]
[EventType "swiss"]
[EventRounds "9"]
[EventCountry "VIE"]
[SourceTitle "CB13_2024"]
[SourceDate "2024.03.27"]
[SourceVersion "1"]
[SourceVersionDate "2024.03.27"]
[SourceQuality "1"]

1. d4 d5 2. c4 e6 3. Nc3 Nf6 4. Bg5 Be7 5. Nf3 0-0 6. e3 c6 7. cxd5 exd5 8. Qc2 Nbd7 9. Bd3 Re8 10. h3 Nf8 11. 0-0-0 b5 12. g4 N6d7 13. Bxe7 Qxe7 14. Kb1 a5 15. g5 Ba6 16. h4 b4 17. Na4 Bxd3 18. Qxd3 Qe4 19. Qxe4 Rxe4 20. Rc1 Re6 21. Ne1 Rb8 22. Nd3 Nb6 23. Nxb6 Rxb6 24. Rc5 Ra6 25. Ne5 Ng6 26. Nd3 Ne7 27. b3 Kf8 28. Kb2 Rd6 29. a3 bxa3+ 30. Kxa3 Rd8 31. Rhc1 f6 32. gxf6 gxf6 33. R5c2 Kf7 34. Ra2 Rb8 35. Nc5 Rab6 36. Kb2 Rb5 37. Rca1 Ra8 38. Kc2 Nf5 39. Ra4 Nd6 40. R1a2 Ke7 41. b4 Nc4 42. Nb3 Rab8 43. Nxa5 Nxa5 44. bxa5 Ra8 45. a6 1-0

[Event "VIE-ch (Women)"]
[Site "Hanoi"]
[Date "2024.03.14"]
[Round "6"]
[White "Luong, Hoang Tu Linh"]
[Black "Dao, Thien Kim"]
[Result "0-1"]
[WhiteElo "2001"]
[BlackElo "1822"]
[PlyCount "142"]
[EventDate "2024.03.11"]
[EventType "swiss"]
[EventRounds "9"]
[EventCountry "VIE"]
[SourceTitle "CB13_2024"]
[SourceDate "2024.03.27"]
[SourceVersion "1"]
[SourceVersionDate "2024.03.27"]
[SourceQuality "1"]

1. d4 e6 2. Nf3 Nf6 3. Bg5 Be7 4. e3 b6 5. Bd3 Bb7 6. Nbd2 h6 7. Bh4 d6 8. Qe2 Nbd7 9. 0-0 c5 10. c3 0-0 11. e4 a6 12. a4 Re8 13. e5 dxe5 14. dxe5 Nh7 15. Bxe7 Qxe7 16. Ne4 f5 17. exf6 Nhxf6 18. Nxf6+ Qxf6 19. Be4 Bd5 20. Rad1 Qf4 21. Rfe1 Nf6 22. Bg6 Rf8 23. Rxd5 exd5 24. Qe6+ Kh8 25. Ne5 Ne4 26. Rf1 Ng5 27. Qe7 Qf6 28. Bc2 Rae8 29. Ng6+ Kg8 30. Qxf6 Rxf6 31. f3 Re2 32. Bd3 Re3 33. Bb1 Kf7 34. f4 Ne4 35. Ne5+ Ke7 36. Ng4 Re2 37. Nxf6 gxf6 38. Bxe4 Rxe4 39. b3 Re3 40. Rc1 Kd6 41. Kf2 d4 42. cxd4 cxd4 43. Rb1 Kd5 44. Rb2 Ke4 45. g3 Kd3 46. b4 Kc3 47. Rb1 Kc2 48. Ra1 Re7 49. b5 a5 50. Ra2+ Kb3 51. Rd2 Kc3 52. Rd1 d3 53. Rc1+ Kb4 54. Rc6 d2 55. Rd6 Kxa4 56. Rxd2 Kxb5 57. Rd5+ Kc6 58. Rf5 Re6 59. Rh5 b5 60. Rxh6 a4 61. f5 Rd6 62. Rh8 a3 63. Ra8 b4 64. h4 Kc5 65. h5 Rb6 66. h6 Rb7 67. Ke2 Kc4 68. Ra4 Rh7 69. g4 Rxh6 70. Ra6 Kc3 71. Kf3 Kb2 0-1

[Event "Wch U18 Girls"]
[Site "Montesilvano"]
[Date "2023.11.24"]
[Round "11"]
[White "Allahverdiyeva, Ayan"]
[Black "Luong, Hoang Tu Linh"]
[Result "1-0"]
[WhiteElo "2152"]
[BlackElo "1887"]
[PlyCount "55"]
[EventDate "2023.11.13"]
[EventType "swiss"]
[EventRounds "11"]
[EventCountry "ITA"]
[SourceTitle "CB48_2023"]
[SourceDate "2023.11.29"]
[SourceVersion "1"]
[SourceVersionDate "2023.11.29"]
[SourceQuality "1"]

1. e4 c5 2. Nf3 e6 3. d4 cxd4 4. Nxd4 a6 5. Bd3 Nc6 6. Nxc6 bxc6 7. 0-0 d5 8. Re1 Ne7 9. Nc3 Bb7 10. f4 d4 11. Nb1 c5 12. Qh5 Qc7 13. Na3 Nc6 14. Nc4 Na5 15. Bd2 Nxc4 16. Bxc4 Bc6 17. a4 g6 18. Qh3 Bg7 19. f5 e5 20. Rf1 Bxe4 21. Qg4 Bb7 22. fxg6 f6 23. gxh7 Qe7 24. Be6 e4 25. Qg6+ Kf8 26. Bh6 Rxh7 27. Rxf6+ Qxf6 28. Qxf6+ 1-0

[Event "Wch U18 Girls"]
[Site "Montesilvano"]
[Date "2023.11.21"]
[Round "8"]
[White "Hrebenshchykova, Yelyzaveta"]
[Black "Luong, Hoang Tu Linh"]
[Result "0-1"]
[WhiteElo "2292"]
[BlackElo "1887"]
[PlyCount "108"]
[EventDate "2023.11.13"]
[EventType "swiss"]
[EventRounds "11"]
[EventCountry "ITA"]
[SourceTitle "CB48_2023"]
[SourceDate "2023.11.29"]
[SourceVersion "1"]
[SourceVersionDate "2023.11.29"]
[SourceQuality "1"]

1. d4 Nf6 2. c4 e6 3. g3 d5 4. Bg2 Bb4+ 5. Nd2 0-0 6. Ngf3 c6 7. 0-0 Nbd7 8. Qc2 Re8 9. Rd1 Qe7 10. e4 Bxd2 11. Nxd2 dxe4 12. Nxe4 h6 13. Bd2 Nxe4 14. Qxe4 Nf6 15. Qe5 Ng4 16. Qe2 Nf6 17. Bc3 Qc7 18. Qf3 e5 19. h3 e4 20. Qe3 Bf5 21. d5 cxd5 22. Bxf6 gxf6 23. Rxd5 Bg6 24. b3 Kg7 25. Rad1 Re6 26. h4 h5 27. a4 Rae8 28. R1d4 a6 29. a5 Qe7 30. Bh3 Re5 31. Rxe5 Qxe5 32. Rd5 Qa1+ 33. Kh2 Re5 34. Rd7 Rxa5 35. Rxb7 Qd1 36. Rd7 Qb1 37. Bg2 Ra1 38. g4 hxg4 39. Rd8 Qc1 40. Qxc1 Rxc1 41. Rd5 Rc3 42. h5 Bh7 43. Rd6 Rxb3 44. Rxa6 Rc3 45. Rc6 f5 46. h6+ Kf8 47. Rc8+ Ke7 48. Rh8 Bg6 49. h7 Kf6 50. Bf1 Kg7 51. Rc8 Bxh7 52. c5 f4 53. c6 Bf5 54. Rc7 Rc2 0-1

[Event "Wch U18 Girls"]
[Site "Montesilvano"]
[Date "2023.11.20"]
[Round "7"]
[White "Mungunzul, Bat Erdene"]
[Black "Luong, Hoang Tu Linh"]
[Result "0-1"]
[WhiteElo "2111"]
[BlackElo "1887"]
[PlyCount "146"]
[EventDate "2023.11.13"]
[EventType "swiss"]
[EventRounds "11"]
[EventCountry "ITA"]
[SourceTitle "CB48_2023"]
[SourceDate "2023.11.29"]
[SourceVersion "1"]
[SourceVersionDate "2023.11.29"]
[SourceQuality "1"]

1. d4 Nf6 2. c4 e6 3. Nc3 Bb4 4. Qc2 0-0 5. a3 Bxc3+ 6. Qxc3 d5 7. Bg5 dxc4 8. Qxc4 b6 9. Nf3 Ba6 10. Qc2 Nbd7 11. g3 c5 12. Bxf6 gxf6 13. Bg2 Bb7 14. Rd1 Qe7 15. 0-0 Rac8 16. Ng5 fxg5 17. Bxb7 Rc7 18. Bg2 Nf6 19. Qd2 h6 20. h4 Nh7 21. d5 exd5 22. Qxd5 gxh4 23. gxh4 Qe6 24. Qh5 Kh8 25. Kh2 Re7 26. Rd5 Qg6 27. Qf3 Qf6 28. Rh5 Qxf3 29. Bxf3 Re6 30. Rd1 Nf6 31. Rf5 Rfe8 32. e3 Kg7 33. Be2 Ne4 34. Kg2 Rf6 35. Rxf6 Nxf6 36. Bf3 Re7 37. Kg3 Nd7 38. Rd5 Nf6 39. Rd8 Rd7 40. Rxd7 Nxd7 41. Kf4 Kf6 42. Be2 Ne5 43. h5 Ke6 44. Bf1 c4 45. Ke4 b5 46. Kd4 Kd6 47. f4 Nc6+ 48. Ke4 Ne7 49. Be2 f6 50. f5 Kc5 51. Bd1 a5 52. Bc2 b4 53. axb4+ axb4 54. b3 Nc6 55. Bd1 cxb3 56. Bxb3 Na5 57. Be6 Nc4 58. Kd3 Ne5+ 59. Kc2 Ng4 60. Kd3 Nf2+ 61. Ke2 Ne4 62. Kd3 Ng3 63. e4 Nxh5 64. Bf7 Ng3 65. e5 fxe5 66. f6 e4+ 67. Ke3 Nf5+ 68. Kf4 Nd6 69. Bg6 Kd4 70. f7 Nxf7 71. Bxf7 e3 72. Bh5 Kd3 73. Kf3 Kd2 0-1

[Event "Wch U18 Girls"]
[Site "Montesilvano"]
[Date "2023.11.13"]
[Round "1"]
[White "Lu, Yun Ru"]
[Black "Luong, Hoang Tu Linh"]
[Result "0-1"]
[WhiteElo "1284"]
[BlackElo "1887"]
[PlyCount "70"]
[EventDate "2023.11.13"]
[EventType "swiss"]
[EventRounds "11"]
[EventCountry "ITA"]
[SourceTitle "CB48_2023"]
[SourceDate "2023.11.29"]
[SourceVersion "1"]
[SourceVersionDate "2023.11.29"]
[SourceQuality "1"]

1. e4 c5 2. Bc4 d6 3. Nc3 a6 4. a4 Nf6 5. Nf3 Nc6 6. d3 e6 7. Bg5 Be7 8. 0-0 0-0 9. Rb1 Qc7 10. h3 Rd8 11. Re1 Rb8 12. Re3 Nd4 13. Qc1 b5 14. axb5 axb5 15. Nxd4 cxd4 16. Nxb5 Rxb5 17. Bxb5 dxe3 18. fxe3 Qc5 19. Bxf6 Bxf6 20. Ba4 Qb4 21. Bb3 Bb7 22. Qf1 h6 23. Qf4 Bg5 24. Qf2 Qb6 25. d4 Bxe4 26. Rf1 Qb7 27. h4 Bf6 28. Qg3 Qe7 29. Rf4 d5 30. Qe1 e5 31. dxe5 Bxe5 32. Rg4 Bxb2 33. c3 Rc8 34. Qd1 Rxc3 35. Qd2 Rxb3 0-1

[Event "VIE-ch (Women)"]
[Site "Ha Tien"]
[Date "2023.09.14"]
[Round "4"]
[White "Luong, Hoang Tu Linh"]
[Black "Nguyen, Thi Mai Hung"]
[Result "0-1"]
[WhiteElo "1894"]
[BlackElo "2226"]
[PlyCount "114"]
[EventDate "2023.09.13"]
[EventType "swiss"]
[EventRounds "9"]
[EventCountry "VIE"]
[SourceTitle "EXT 2024"]
[Source "ChessBase"]
[SourceDate "2023.10.10"]
[SourceVersion "1"]
[SourceVersionDate "2023.10.10"]
[SourceQuality "1"]

1. d4 d5 2. Nf3 Nf6 3. c4 c6 4. Nc3 e6 5. cxd5 exd5 6. Bg5 Be7 7. Qc2 g6 8. e3 Bf5 9. Bd3 Bxd3 10. Qxd3 Nbd7 11. 0-0 0-0 12. Rab1 a5 13. Nd2 Re8 14. f3 Nh5 15. Bh6 Bd6 16. f4 Qe7 17. Rbe1 f5 18. Nf3 Nhf6 19. Ne5 Qe6 20. h3 Ne4 21. Nxe4 dxe4 22. Qc4 Nf6 23. Kh2 Rac8 24. a3 Qxc4 25. Nxc4 Bc7 26. Bg5 Nd5 27. g4 Kf7 28. Re2 Ke6 29. Rc1 fxg4 30. hxg4 h6 31. Bxh6 Rh8 32. g5 Nxf4 33. Ree1 Nd3+ 34. Kg2 Rh7 35. Rf1 Nxc1 36. Rxc1 Re8 37. Nd2 Kd7 38. Rf1 b5 39. a4 bxa4 40. Ra1 Rhe7 41. Rxa4 Rb8 42. b3 Rb5 43. Kf2 Ke8 44. Rc4 Re6 45. Rc1 Kf7 46. Ke2 Rf5 47. Nc4 Kg8 48. Nd2 Bg3 49. Rg1 Rf2+ 50. Kd1 Bd6 51. Rg4 Bb4 52. Nxe4 Rb2 53. Rf4 Be7 54. Nf6+ Bxf6 55. gxf6 Kf7 56. Bg5 Rg2 57. Bh6 Rxe3 0-1

[Event "VIE-ch (Women)"]
[Site "Vung Tau"]
[Date "2023.03.05"]
[Round "5"]
[White "Nguyen, Minh Chi"]
[Black "Luong, Hoang Tu Linh"]
[Result "0-1"]
[WhiteElo "1483"]
[BlackElo "1888"]
[PlyCount "66"]
[EventDate "2023.03.03"]
[EventType "swiss"]
[EventRounds "9"]
[EventCountry "VIE"]
[SourceTitle "EXT 2024"]
[Source "ChessBase"]
[SourceDate "2023.10.10"]
[SourceVersion "1"]
[SourceVersionDate "2023.10.10"]
[SourceQuality "1"]

1. e4 e5 2. Nf3 Nf6 3. Nxe5 d6 4. Nf3 Nxe4 5. d3 Nf6 6. Nc3 Bg4 7. h3 Bh5 8. Be2 d5 9. d4 c6 10. Ne5 Bxe2 11. Qxe2 Be7 12. 0-0 0-0 13. Qf3 Nbd7 14. Nxd7 Qxd7 15. Bf4 Bd6 16. Rfe1 Rfe8 17. Be5 Re6 18. Bxd6 Qxd6 19. Rxe6 Qxe6 20. Qe2 Qd6 21. a3 Qf4 22. Qe3 Qxe3 23. fxe3 Re8 24. Re1 Ne4 25. Nxe4 Rxe4 26. Kf2 f5 27. c3 Kf7 28. Rf1 Ke6 29. Ke2 g5 30. Kd3 h5 31. Rf2 f4 32. Rf3 h4 33. exf4 gxf4 0-1

[Event "VIE-ch U17 Girls"]
[Site "Hanoi"]
[Date "2022.06.14"]
[Round "5"]
[White "Luong, Hoang Tu Linh"]
[Black "Nguyen, Thien Ngan"]
[Result "1-0"]
[WhiteElo "2083"]
[BlackElo "2082"]
[PlyCount "129"]
[EventDate "2022.06.11"]
[EventType "swiss"]
[EventRounds "7"]
[EventCountry "VIE"]
[SourceTitle "EXT 2023"]
[Source "ChessBase"]
[SourceDate "2022.10.05"]
[SourceVersion "1"]
[SourceVersionDate "2022.10.05"]
[SourceQuality "1"]

1. d4 d5 2. c4 e6 3. cxd5 exd5 4. Nc3 Nf6 5. Bg5 Be7 6. e3 c6 7. Bd3 0-0 8. Nf3 Nbd7 9. Qc2 Re8 10. h3 Nf8 11. 0-0-0 Ne4 12. Bxe4 Bxg5 13. Bd3 Bf6 14. g4 b6 15. Kb1 Bb7 16. h4 c5 17. g5 c4 18. Bxh7+ Nxh7 19. gxf6 Qxf6 20. Ne5 Qe6 21. Rdg1 Bc8 22. Rh2 f6 23. Rhg2 Re7 24. Ng6 Rf7 25. Nf4 Qf5 26. Ncxd5 Qxc2+ 27. Kxc2 Bf5+ 28. Kd2 Be4 29. Rg3 Rd8 30. Nc3 Bc6 31. Rxg7+ Rxg7 32. Rxg7+ Kxg7 33. Ne6+ Kg6 34. Nxd8 Bd7 35. Nb7 a6 36. a4 b5 37. Nc5 Be8 38. Nxa6 bxa4 39. Nc5 f5 40. N5xa4 f4 41. Nb6 Bf7 42. d5 Kf5 43. Nxc4 Bg8 44. e4+ Kf6 45. Ne2 f3 46. Nd4 Nf8 47. Nxf3 Ng6 48. Ke3 Bf7 49. h5 Ne7 50. b4 Bxd5 51. exd5 Nxd5+ 52. Ke4 Nxb4 53. Kf4 Nd3+ 54. Kg3 Kg7 55. Ne3 Kh6 56. Kh4 Nxf2 57. Ng4+ Nxg4 58. Kxg4 Kh7 59. Kg5 Kg7 60. h6+ Kh7 61. Ne5 Kg8 62. Kg6 Kh8 63. Nf7+ Kg8 64. h7+ Kf8 65. h8Q+ 1-0

[Event "VIE-ch U17 Girls"]
[Site "Hanoi"]
[Date "2022.06.13"]
[Round "3"]
[White "Luong, Hoang Tu Linh"]
[Black "Nguyen, Hong Nhung"]
[Result "0-1"]
[WhiteElo "2083"]
[BlackElo "2077"]
[PlyCount "84"]
[EventDate "2022.06.11"]
[EventType "swiss"]
[EventRounds "7"]
[EventCountry "VIE"]
[SourceTitle "EXT 2023"]
[Source "ChessBase"]
[SourceDate "2022.10.05"]
[SourceVersion "1"]
[SourceVersionDate "2022.10.05"]
[SourceQuality "1"]

1. d4 f5 2. Nf3 Nf6 3. g3 g6 4. Bg2 Bg7 5. 0-0 0-0 6. c4 d6 7. Nc3 Qe8 8. d5 a5 9. Rb1 Na6 10. a3 Nc5 11. b4 axb4 12. axb4 Nce4 13. Bb2 e5 14. dxe6 Bxe6 15. Qc2 Qf7 16. Nxe4 Nxe4 17. Bxg7 Qxg7 18. e3 Qf7 19. Rfc1 Ra3 20. Nd2 Nc3 21. Ra1 Ne2+ 22. Kf1 Rc3 23. Qxc3 Nxc3 24. Rxc3 d5 25. c5 Qf6 26. Raa3 d4 27. Rd3 dxe3 28. fxe3 Qb2 29. Bxb7 Qxb4 30. Bf3 Qxc5 31. Rac3 Qa5 32. Nb3 Qa2 33. Nc5 f4 34. gxf4 Bh3+ 35. Kg1 Qa1+ 36. Kf2 Qf1+ 37. Kg3 h5 38. Bd1 g5 39. fxg5 Qf2+ 40. Kxh3 Rf3+ 41. Bxf3 Qxf3+ 42. Kh4 Qg4# 0-1

[Event "VIE-ch U17 Girls"]
[Site "Hanoi"]
[Date "2022.06.13"]
[Round "4"]
[White "Luu, Ha Bich Ngoc"]
[Black "Luong, Hoang Tu Linh"]
[Result "0-1"]
[WhiteElo "2079"]
[BlackElo "2083"]
[PlyCount "56"]
[EventDate "2022.06.11"]
[EventType "swiss"]
[EventRounds "7"]
[EventCountry "VIE"]
[SourceTitle "EXT 2023"]
[Source "ChessBase"]
[SourceDate "2022.10.05"]
[SourceVersion "1"]
[SourceVersionDate "2022.10.05"]
[SourceQuality "1"]

1. d4 Nf6 2. Nf3 d5 3. Bf4 c5 4. c3 e6 5. e3 Nc6 6. Nbd2 Bd6 7. Bxd6 Qxd6 8. dxc5 Qxc5 9. Nb3 Qe7 10. Be2 0-0 11. 0-0 e5 12. Qc2 h6 13. h3 Be6 14. Rfd1 Rac8 15. Rac1 Rfd8 16. Bb5 g6 17. Qe2 Bf5 18. c4 Nb4 19. cxd5 Bc2 20. Rd2 Bxb3 21. Rxc8 Rxc8 22. d6 Qd8 23. axb3 a6 24. Bc4 b5 25. Bxb5 axb5 26. Qxb5 Nc6 27. Nxe5 Nxe5 28. Qxe5 Rc1+ 0-1

[Event "VIE-ch U17 Girls"]
[Site "Hanoi"]
[Date "2022.06.12"]
[Round "2"]
[White "Chau, Bao Ngoc"]
[Black "Luong, Hoang Tu Linh"]
[Result "0-1"]
[WhiteElo "2080"]
[BlackElo "2083"]
[PlyCount "52"]
[EventDate "2022.06.11"]
[EventType "swiss"]
[EventRounds "7"]
[EventCountry "VIE"]
[SourceTitle "EXT 2023"]
[Source "ChessBase"]
[SourceDate "2022.10.05"]
[SourceVersion "1"]
[SourceVersionDate "2022.10.05"]
[SourceQuality "1"]

1. g3 d5 2. Bg2 Nf6 3. b3 Bf5 4. Bb2 e6 5. e3 Be7 6. Ne2 Nbd7 7. 0-0 0-0 8. d3 e5 9. Nd2 Re8 10. d4 e4 11. c4 c6 12. Rc1 Nf8 13. Nf4 Qd7 14. Nb1 g5 15. Ne2 Bh3 16. Nec3 Ng6 17. Na4 b6 18. Na3 Kh8 19. Nc3 Rg8 20. Kh1 Bxg2+ 21. Kxg2 Nh4+ 22. gxh4 gxh4+ 23. Kh1 Qh3 24. Rg1 Ng4 25. Rxg4 Rxg4 26. Qxg4 Qxg4 0-1

[Event "VIE-ch (Women)"]
[Site "Tinh Bac Giang"]
[Date "2022.02.28"]
[Round "2"]
[White "Luong, Hoang Tu Linh"]
[Black "Nguyen, Xuan Nhi"]
[Result "1-0"]
[WhiteElo "1770"]
[BlackElo "1880"]
[PlyCount "101"]
[EventDate "2022.02.28"]
[EventType "swiss"]
[EventRounds "9"]
[EventCountry "VIE"]
[SourceTitle "CBM 207 Extra"]
[Source "ChessBase"]
[SourceDate "2022.05.31"]
[SourceVersion "1"]
[SourceVersionDate "2022.05.31"]
[SourceQuality "1"]

1. d4 Nf6 2. Nf3 g6 3. g3 Bg7 4. Bg2 0-0 5. 0-0 d6 6. c4 Nc6 7. Nc3 Bf5 8. d5 Na5 9. Nd2 c5 10. e4 Bg4 11. f3 Bd7 12. Qe2 e6 13. dxe6 Bxe6 14. b3 Nc6 15. Bb2 Nd4 16. Qd3 Nh5 17. f4 Bg4 18. Rae1 Qd7 19. Nf3 Bxf3 20. Bxf3 Qh3 21. Bg2 Qg4 22. Nd5 Rae8 23. Kh1 b6 24. Bxd4 Bxd4 25. Bf3 Qh3 26. Bxh5 gxh5 27. e5 Re6 28. Nf6+ Rxf6 29. exf6 Bxf6 30. Qxd6 Kg7 31. Qd5 Rd8 32. Qg2 Qf5 33. Rd1 Rd4 34. Rd2 Qg4 35. Re2 Qd7 36. Rfe1 Rd3 37. Qe4 Bc3 38. Rf1 a5 39. Re3 Rd2 40. Qf3 Qh3 41. Re2 Rd3 42. Qg2 Qg4 43. Re8 Qd7 44. Qa8 Rd2 45. Rg8+ Kf6 46. Rg5 Rc2 47. Qh8+ Ke7 48. Re1+ Bxe1 49. Re5+ Kd6 50. Rd5+ Kc7 51. Qe5+ 1-0

[Event "VIE-ch (Women)"]
[Site "Hanoi"]
[Date "2020.10.08"]
[Round "5"]
[White "Nguyen, Hong Anh"]
[Black "Luong, Hoang Tu Linh"]
[Result "1/2-1/2"]
[WhiteElo "1970"]
[BlackElo "1703"]
[PlyCount "103"]
[EventDate "2020.10.05"]
[EventType "swiss"]
[EventRounds "9"]
[EventCountry "VIE"]
[SourceTitle "EXT 2022"]
[Source "ChessBase"]
[SourceDate "2021.10.06"]
[SourceVersion "1"]
[SourceVersionDate "2021.10.06"]
[SourceQuality "1"]

1. d4 Nf6 2. c4 g6 3. Nf3 Bg7 4. g3 d6 5. Bg2 0-0 6. 0-0 c6 7. Nc3 Nbd7 8. e4 e5 9. h3 Qc7 10. Be3 Re8 11. Qc2 exd4 12. Nxd4 Nc5 13. Rad1 Ne6 14. Nde2 b6 15. Rd2 Bb7 16. Rfd1 Rad8 17. Bf3 Bf8 18. Nd4 Nd7 19. Nxe6 fxe6 20. h4 Ne5 21. Be2 Bg7 22. Kg2 Rd7 23. h5 Nf7 24. hxg6 hxg6 25. Rh1 d5 26. exd5 cxd5 27. cxd5 exd5 28. Bd4 Rd6 29. Rh4 Ne5 30. Nb5 Qxc2 31. Rxc2 Rd7 32. b3 a6 33. Nc3 Nc6 34. Bxg7 d4 35. Rh8+ Kxg7 36. Rxe8 Nb4+ 37. Kf1 Nxc2 38. Nd1 Kf7 39. Rh8 d3 40. Bg4 Re7 41. Rh7+ Kf6 42. Rxe7 Kxe7 43. Nb2 Be4 44. f3 Ne3+ 45. Ke1 Nxg4 46. fxe4 Nf6 47. e5 Ne4 48. Nxd3 Nxg3 49. Nb4 Ke6 50. Nxa6 Kxe5 51. a4 Kd4 52. b4 1/2-1/2

[Event "VIE-ch U15 Girls"]
[Site "Hanoi"]
[Date "2020.??.??"]
[Round "4"]
[White "Nguyen, Thien Ngan"]
[Black "Luong, Hoang Tu Linh"]
[Result "1/2-1/2"]
[WhiteElo "1816"]
[BlackElo "1703"]
[PlyCount "143"]
[EventDate "2020.10.22"]
[EventType "tourn"]
[EventRounds "7"]
[EventCountry "VIE"]
[SourceTitle "EXT 2022"]
[Source "ChessBase"]
[SourceDate "2021.10.06"]
[SourceVersion "1"]
[SourceVersionDate "2021.10.06"]
[SourceQuality "1"]

1. e4 g6 2. d4 Bg7 3. c4 d6 4. Nc3 Nf6 5. Bd3 0-0 6. Nge2 c5 7. d5 e6 8. 0-0 exd5 9. exd5 Ne8 10. Bf4 f5 11. Qd2 Rf7 12. Rab1 Nd7 13. a3 Ne5 14. b4 b6 15. Rfe1 Nxd3 16. Qxd3 g5 17. Bd2 f4 18. Ne4 Bf5 19. f3 Nf6 20. bxc5 bxc5 21. N2c3 a6 22. Qe2 Re7 23. Qd3 Re5 24. Rb7 Rb8 25. Qb1 Ra8 26. Kf2 Nxe4+ 27. Nxe4 Bxe4 28. Rxe4 Qe8 29. Bc3 Qh5 30. Bxe5 Bxe5 31. Rb8+ Rxb8 32. Qxb8+ Kf7 33. Qc7+ Kf6 34. Qd8+ Kf7 35. Qd7+ Kf8 36. Qf5+ Kg8 37. Rxe5 dxe5 38. Qxe5 Qg6 39. Qe2 Qf6 40. Qd2 Kf7 41. d6 Ke8 42. Qd5 Qb2+ 43. Kf1 Qc1+ 44. Ke2 Qc2+ 45. Qd2 Qxc4+ 46. Kf2 Kd7 47. Qa5 Kxd6 48. Qd8+ Kc6 49. Qxg5 Qd4+ 50. Ke2 c4 51. Qf5 Qe3+ 52. Kd1 c3 53. Qf6+ Kc5 54. Qd8 Kc4 55. Qg8+ Kc5 56. Qf8+ Kb5 57. Qb4+ Kc6 58. Qc4+ Kb6 59. Qe2 Kc5 60. g3 Kd4 61. gxf4 c2+ 62. Qxc2 Qg1+ 63. Kd2 Qe3+ 64. Kd1 Qg1+ 65. Kd2 Qe3+ 66. Kd1 Qg1+ 67. Kd2 Qxh2+ 68. Kc1 Qxf4+ 69. Kb2 Qxf3 70. Qxh7 Qe2+ 71. Qc2 Qxc2+ 72. Kxc2 1/2-1/2